00479ntaaa2200169 45000030003000000050017000030080021000200400037000410820017000781000017000952450036001122500010001482600059001583000009002175000067002266500016002930120251027202849.00714s1973 ag 01  aAR-BaBNbspacAR-BaBNeaacrdRIC a269.0000 L58 aLewis, V.H.  aGuía para el obrero cristiano a1 ed. aKansas City : bCasa Nazarena de Publicaciones, cs.f. a36 p aFalta según inventario 1980. Juego de fichas retirado 1980. aevangelismo